FIFA 19 Best Players By Club - Premier League - Statistics

General Stats
  • This quiz has been taken 546 times
  • The average score is 22 of 60
Answer Stats
Club Player Rank % Correct
Chelsea Eden Hazard 91
95%
Tottenham Hotspur Harry Kane 89
94%
Liverpool Mohamed Salah 88
91%
Manchester City Kevin De Bruyne 91
90%
Liverpool Sadio Mané 86
89%
Manchester City Sergio Agüero 89
87%
Chelsea N'Golo Kanté 89
84%
Liverpool Roberto Firmino 86
84%
Manchester United David De Gea 91
83%
Tottenham Hotspur Hugo Lloris 88
82%
Arsenal Pierre-Emerick Aubameyang 87
82%
Manchester United Paul Pogba 88
81%
Manchester City David Silva 89
76%
Arsenal Mesut Ozil 86
75%
Leicester City Jamie Vardy 82
72%
Arsenal Alexandre Lacazette 84
71%
Tottenham Hotspur Christian Eriksen 88
66%
Manchester United Romelu Lukaku 87
66%
Crystal Palace Wilfried Zaha 82
53%
Everton Jordan Pickford 83
52%
Chelsea Cesar Azpilicueta 86
48%
Leicester City Kasper Schmeichel 84
46%
Wolverhampton Wanderers Joao Moutinho 81
39%
Wolverhampton Wanderers Rui Patricio 82
38%
Wolverhampton Wanderers Rúben Neves 79
37%
Everton Gylfi Sigurdsson 81
35%
Leicester City Harry Maguire 82
26%
West Ham United Felipe Anderson 82
24%
Burnley Nick Pope 80
23%
Huddersfield Town Aaron Mooy 79
21%
Fulham Jean Michaël Seri 82
20%
West Ham United Marko Arnautovic 82
20%
Burnley James Tarkowski 80
17%
Watford Abdoulaye Doucouré 81
16%
Everton Idrissa Gueye 82
16%
Bournemouth Asmir Begovic 79
15%
Burnley Ben Mee 80
15%
Bournemouth Nathan Aké 79
15%
Watford Gerard Deulofeu 81
14%
Newcastle United Jonjo Shelvey 78
14%
West Ham United Manuel Lanzini 81
12%
Brighton & Hove Albion Mathew Ryan 79
10%
Southampton Ryan Bertrand 79
9%
Cardiff City Souleymane Bamba 75
9%
Newcastle United Jamaal Lascelles 78
8%
Watford Roberto Pereyra 79
8%
Crystal Palace Guaita 81
7%
Cardiff City Harry Arter 76
7%
Bournemouth Jefferson Lerma 79
7%
Crystal Palace Mamadou Sakho 80
7%
Southampton Jannik Vestergaard 80
6%
Fulham Sergio Rico 80
5%
Cardiff City Víctor Camarasa 76
5%
Fulham Fabricio 80
3%
Newcastle United Florian Lejeune 78
3%
Huddersfield Town Christopher Schindler 78
2%
Brighton & Hove Albion José Izquierdo 77
2%
Southampton Mohamed Elyounoussi 79
2%
Brighton & Hove Albion Alireza Jahanbakhsh 78
1%
Huddersfield Town Mathias Jørgensen 77
1%
No matching quizzes found
Score Distribution
Percent of People with Each Score
Percentile by Number Answered
Your Score History
You have not taken this quiz